| 000 | 00579nam a2200205 a 4500 | ||
|---|---|---|---|
| 005 | 20210219153231.0 | ||
| 008 | 991125n 000 0 spa u | ||
| 035 | _aUPN01000084977 | ||
| 100 | 1 | _aGaspar Jiménez, Matilde | |
| 222 | _aETHOS EDUCATIVO | ||
| 245 | _aAlteraciones del desarrollo del lenguaje y su corrección en niños de 4 a 9 años | ||
| 260 | _aMorelia, México | ||
| 300 | _a33-38 | ||
| 362 | 0 | _a2010 2a época, año 13, no. 47, ene.-abr. | |
| 653 | 0 | _aLENGUAJE | |
| 653 | 0 | _aNIÑOS | |
| 653 | 0 | _aDISFASIA | |
| 904 |
_aAC _b022788 |
||
| 905 | _aArticulo | ||
| 999 |
_c71618 _d71618 |
||